[Event "Rhein Main op-A 25th"]
[Site "Bad Homburg"]
[Date "2023.06.10"]
[Round "5"]
[White "Streit, Juergen"]
[Black "Hetz, Jonas"]
[Result "1-0"]
[WhiteElo "1860"]
[BlackElo "1776"]
[PlyCount "63"]
[EventDate "2023.06.07"]
[EventType "swiss"]
[EventRounds "7"]
[EventCountry "GER"]
[SourceTitle "CBM 215 Extra"]
[Source "ChessBase"]
[SourceDate "2023.09.30"]
[SourceVersion "1"]
[SourceVersionDate "2023.09.30"]
[SourceQuality "1"]

1. e4 e5 2. Nf3 Nc6 3. Bc4 Bc5 4. b4 Bxb4 5. c3 Bc5 6. d4 exd4 7. 0-0 Nge7 8. cxd4 Na5 9. Bxf7+ Kxf7 10. Ne5+ Ke8 11. dxc5 Rf8 12. Qh5+ g6 13. Qxh7 d6 14. Nxg6 Rf7 15. Qh8+ Kd7 16. Qxd8+ Kxd8 17. Bg5 Nac6 18. Nxe7 Nxe7 19. Rd1 Ke8 20. cxd6 Ng6 21. dxc7 Rxc7 22. Rd8+ Kf7 23. Nd2 Rd7 24. Rxd7+ Bxd7 25. Rc1 Bc6 26. h4 Rh8 27. g3 Nf8 28. Nc4 Ke6 29. f3 Nd7 30. Rd1 Rf8 31. Kg2 Ne5 32. Rd6+ 1-0

[Event "Staufer op 20th"]
[Site "Schwaebisch Gmuend"]
[Date "2008.01.02"]
[Round "1"]
[White "Solonar, Stefan"]
[Black "Hetz, Jonas"]
[Result "1-0"]
[WhiteElo "2371"]
[BlackElo "1936"]
[PlyCount "43"]
[EventDate "2008.01.02"]
[EventType "swiss"]
[EventRounds "9"]
[EventCountry "GER"]
[SourceTitle "CBM 122 Extra"]
[Source "ChessBase"]
[SourceDate "2008.03.04"]
[SourceVersion "1"]
[SourceVersionDate "2008.03.04"]
[SourceQuality "1"]

1. c4 c5 2. Nf3 Nf6 3. Nc3 Nc6 4. d4 cxd4 5. Nxd4 g6 6. e4 Bg7 7. Be3 d6 8. f3 0-0 9. Qd2 Nd7 10. Nb3 Nde5 11. Be2 Be6 12. Nd5 Rc8 13. 0-0 b6 14. Rac1 Nb8 15. Nd4 Ned7 16. f4 Nc6 17. Nxc6 Rxc6 18. Nb4 Rc8 19. f5 Nf6 20. fxe6 Nxe4 21. exf7+ Rxf7 22. Qd5 1-0

[Event "Wuerttemberg-ch U14"]
[Site "Friedrichshafen"]
[Date "2005.03.29"]
[Round "2"]
[White "Hetz, Jonas"]
[Black "Fuerderer, Carl"]
[Result "1/2-1/2"]
[WhiteElo "1399"]
[BlackElo "1231"]
[PlyCount "146"]
[EventDate "2005.03.29"]
[EventType "swiss"]
[EventRounds "7"]
[EventCountry "GER"]
[SourceTitle "EXT 2007"]
[Source "ChessBase"]
[SourceDate "2006.11.23"]
[SourceVersion "1"]
[SourceVersionDate "2006.11.23"]
[SourceQuality "1"]

1. e4 c6 2. d4 d5 3. Nc3 Nd7 4. exd5 cxd5 5. Nxd5 e5 6. Qe2 Qa5+ 7. Nc3 Bb4 8. Bd2 Ngf6 9. a3 Bd6 10. Nb5 Qb6 11. Nxd6+ Qxd6 12. dxe5 Qxe5 13. Qxe5+ Nxe5 14. Bb5+ Ned7 15. Nf3 0-0 16. 0-0 a6 17. Bc4 b5 18. Ba2 Bb7 19. Nd4 Nc5 20. Bb4 Rac8 21. Nf5 Rc7 22. Rfe1 Be4 23. Ne3 Rfc8 24. f3 Bg6 25. Rac1 Nb7 26. Re2 Re8 27. Ree1 Rec8 28. Bc3 Nc5 29. Bxf6 gxf6 30. Nd5 Nd3 31. Nxc7 Nxc1 32. Rxc1 Rxc7 33. c3 a5 34. Rd1 Kg7 35. Rd5 Rb7 36. Kf2 b4 37. axb4 axb4 38. cxb4 Rxb4 39. Rd2 Bd3 40. Bd5 Bc4 41. Bxc4 Rxc4 42. b3 Rb4 43. Rb2 f5 44. Ke3 Kf6 45. Kd3 Ke5 46. Kc3 Rb6 47. Kc4 Kd6 48. b4 Kc7 49. b5 Rh6 50. g3 Rf6 51. f4 Kb6 52. Kd5 Re6 53. Kd4 Re4+ 54. Kd5 Re6 55. Kc4 Re4+ 56. Kd3 Re6 57. Rb4 Kc5 58. Rb2 Kb6 59. Re2 Rxe2 60. Kxe2 Kxb5 61. Kf3 h5 62. h3 Kc5 63. g4 hxg4+ 64. hxg4 fxg4+ 65. Kxg4 Kd6 66. Kf5 Ke7 67. Ke5 Kd7 68. Kf6 Ke8 69. Kg7 Ke7 70. f5 f6 71. Kg6 Ke8 72. Kg7 Ke7 73. Kg6 Ke8 1/2-1/2